000 00272nam a22001217a 4500
008 170328b xxu||||| |||| 00| 0 eng d
041 _aeng
080 _a615.83
100 _a8
101 _aSHM
245 _aOCUPATIONAL 6THERAPY PRACTICE
_cDOUGHERTY.P.M
942 _2udc
_cBK
999 _c8840
_d8840